| 000 | 00780nam a2200229 a 4500 | ||
|---|---|---|---|
| 001 | BRCA_843 | ||
| 005 | 20190320203155.0 | ||
| 008 | 911029s1990 sp-a---##b---#001-0bspa-# | ||
| 020 | _a8486474078 | ||
| 040 |
_aDLC _cDLC |
||
| 050 | 4 |
_aNK7162 _b.E88 1990 |
|
| 100 | 1 |
_aEsteras Martín, Cristina _92808 |
|
| 245 | 1 | 0 |
_aEl arte de la platería en Llerena _bsiglos XV al XIX _cCristina Esteras Martín. |
| 260 |
_aMadrid, España _bTuero _c1990 |
||
| 300 |
_a169 p. _bil. _c21 cm. |
||
| 440 | 0 |
_aColección Investigación y crítica _92809 |
|
| 500 | _aIncluye índice onomástico, índice tipológico e índice topográfico | ||
| 504 | _aBibliografía: p. 153-156 | ||
| 650 | 1 | 4 |
_aPlatería religiosa _zEspaña _92810 |
| 650 | 1 | 4 |
_aPlateros _vBiografía _zEspaña _92811 |
| 942 |
_2lcc _cB |
||
| 999 |
_c738 _d738 |
||